000 00926nam a2200265Ia 4500
003 OSt
005 20220926004950.0
006 a|||||r|||| 00| 0
007 ta
008 220923b |||||||| |||| 00| 0 eng d
020 _a9780761936251
_c722.5
037 _b351, 29/12/2008, Bharatiya Sahitya Bhavana
_cGeneral Book
040 _aRTL
_cRTL
_beng
041 _2eng
_aeng
082 _aU6715.49G, P8
100 _aLahiri-dutt Kuntala Ed.
_9309562
245 0 _aWater first
_b Issues and challenges for nation and communities in South Asia
260 _a New Delhi
_bSage Publication
_c2008
300 _aL, 435p.
_ccm.
500 _aBibliography : Chapterwise
650 _aGeography
700 _a Wasson Robert J. Ed.
_9309563
942 _hU6715.49G, P8
_cGB
_2CC
999 _c612707
_d612707